| 000 | 00894 a2200229 4500 | ||
|---|---|---|---|
| 001 | 53321 | ||
| 005 | 20260407155807.0 | ||
| 008 | 260407a1965 arg spa d | ||
| 003 | AR-UNSa-BCEJYS | ||
| 040 |
_aAR-UNSa-BCEJYS _bspa _cAR-UNSa-BCEJYS |
||
| 080 |
_a338.5.01 _xTeorías de los precios |
||
| 245 | 1 | 0 | _aProblemas de la teoría del precio |
| 264 | 1 |
_aMéxico : _bUnión Tipográfica Editorial Hispano-Americana (UTEHA) _c1965 |
|
| 300 |
_a165 p. _c26 cm. |
||
| 505 | _a1. Demanda - 2. Oferta - 3. Precio del mercado - 4. Teoría de la conducta del consumidor - 5. teoría de la empresa - 6. Equilibrio a corto y largo plazo - 7. Precio del factor e ingreso en una economía modelo | ||
| 942 | _cBK | ||
| 590 | _aniveau_biblio:m niveau_hierar:0 | ||
| 100 | 1 | _aAllen, Clark Lee | |
| 700 | 1 | _aMorgner, Aurelius | |
| 700 | 1 | _aVinos Cruz-López, Ricardo | |
| 700 | 1 | _aStrotz, Robert H. | |
| 999 |
_c5177 _d5177 |
||